| 000 | 00602nam a2200253Ia 4500 | ||
|---|---|---|---|
| 005 | 20260123164107.0 | ||
| 008 | 008 260114s9999 xx 000 0 eng d | ||
| 020 | _a9789354433832 | ||
| 037 | _aEBOOK | ||
| 040 | _aCRL | ||
| 040 | _beng | ||
| 040 | _cCRL | ||
| 041 | _2eng | ||
| 041 | _aeng | ||
| 084 | _qCRL | ||
| 100 |
_aMATHA, MAHESH P. _91105843 |
||
| 245 | 0 | _aJSP and SERVLETS: A Comprehensive Study | |
| 260 | _bPHI | ||
| 260 | _c2021 | ||
| 856 | _uhttps://elibrary.phindia.com/ebooks/reader/9789354433832du | ||
| 942 | _cEBOOK | ||
| 999 |
_c1670966 _d1670966 |
||